000 00599nam a2200241 a 4500
001 nice12345678
003 IN_TiNIC
005 20260116011324.0
008 050524s0000 boma grp 000 0 per
020 _a
_c100
082 0 0 _a297.297
_bHAD
100 _aHadi, Syed Mohammad
245 _aKashaful Astar
260 _aBombay
_bDar Matba Khilafat Waqia
_c0000
300 _a232p
500 _aincludes index and biblioraphy
505 2 _afour parts in two vols.
650 _aIslam-Apologetic Works
700 1 _aHadi, Syed Mohammad
902 _bRBA
942 _cBK
999 _c501
_d501